| Tag |
First Indicator |
Second Indicator |
Subfields |
| LEADER |
00000cam a2200000 a 4500 |
| 001 |
in00001663152 |
| 005 |
20240221120944.0 |
| 008 |
020819s2001 enka b 001 0 eng |
| 010 |
|
|
|a 2002510593
|
| 015 |
|
|
|a GBA1X4314
|2 bnb
|
| 019 |
|
|
|a 47062447
|
| 020 |
|
|
|a 1841500399
|
| 020 |
|
|
|a 9781841500393
|
| 029 |
1 |
|
|a AU@
|b 000023132051
|
| 029 |
1 |
|
|a AU@
|b 000024116399
|
| 029 |
1 |
|
|a NLGGC
|b 24245030X
|
| 029 |
1 |
|
|a NZ1
|b 6308973
|
| 029 |
1 |
|
|a YDXCP
|b 100259501
|
| 029 |
1 |
|
|a YDXCP
|b 1920408
|
| 029 |
1 |
|
|a AU@
|b 000072243485
|
| 035 |
|
|
|a (OCoLC)ocm59530603
|
| 035 |
|
|
|a (OCoLC)59530603
|z (OCoLC)47062447
|
| 035 |
|
|
|a (OCoLC)ocm59530603
|
| 040 |
|
|
|a UKM
|b eng
|c DLC
|d UKM
|d NLGGC
|d BAKER
|d BTCTA
|d YDXCP
|d MUQ
|d OCLCG
|d EXW
|d OCLCQ
|d BDX
|d OCLCF
|d OCLCO
|d OCLCQ
|d PHUST
|d OCLCQ
|d DCT
|d OCLCO
|d OCL
|d OCLCO
|d OCLCL
|d OCLCQ
|
| 042 |
|
|
|a lccopycat
|
| 050 |
0 |
0 |
|a HM851
|b .P668 2001
|
| 080 |
|
|
|a 303.48
|
| 082 |
0 |
4 |
|a 303.48/33
|2 21
|
| 084 |
|
|
|a 05.20
|2 bcl
|
| 100 |
1 |
|
|a Porter, Beth,
|d 1942-
|1 https://id.oclc.org/worldcat/entity/E39PBJkXrHwp7yfRGBPKX6y8G3
|
| 245 |
1 |
4 |
|a The Net effect /
|c Beth Porter ; [foreword by Lord Puttnam of Queensgate].
|
| 260 |
|
|
|a Bristol, UK ;
|a Portland, OR :
|b Intellect,
|c 2001.
|
| 300 |
|
|
|a iv, 190 pages :
|b illustrations (some color) ;
|c 24 cm
|
| 336 |
|
|
|a text
|b txt
|2 rdacontent
|
| 337 |
|
|
|a unmediated
|b n
|2 rdamedia
|
| 338 |
|
|
|a volume
|b nc
|2 rdacarrier
|
| 504 |
|
|
|a Includes bibliographical references and index.
|
| 505 |
0 |
0 |
|t Preamble --
|t Morphing From IT to ET --
|t Introduction: the Janus approach --
|t Connections --
|t How They Brought the Good News from Ghent to Aix --
|t The Importance of Nothing --
|t The long and winding slip-road --
|t Anatomy of the Elegant Box --
|t The War That Changed Everything --
|t A Bodyguard of Lies --
|t Tunny Turns the Tide --
|t Swords Into MicroChips --
|t A Decade of Secrets; Computers With Your Tea --
|t Defense and the Big Bucks --
|t Time of Transition --
|t Racing to the Net --
|t Clear-eyed acumen and blind dreams --
|t Tooled-Up --
|t Scaredy-Cats --
|t Embracing the Beast --
|t Who's Spinning the Web? --
|t Gallimaufry --
|t Information --
|t Entertainment and Leisure --
|t Commerce --
|t The da Vinci syndrome --
|t Under the Influence --
|t The Virtual Architect --
|t Not Crying Over Spilt Paint --
|t Fuzzy Boundaries --
|t The Book Unbound --
|t Digi Display --
|t POV --
|t Bending Reality --
|t Playtime --
|t Inviting the Viewer --
|t Fashioning Worlds --
|t Lights, Camera, Let-Down --
|t Reeling You In --
|t Tinkle, Tinkle Little NetStar --
|t Music to Your Ears --
|t Next Stages --
|t Buttressing the ThinkTank --
|t Reaping Rewards --
|t The Price of Talent --
|t The internet experience --
|t WWWwhat else is there? --
|t Here Be Dragons --
|t I Want IT and I Want It Now --
|t Worker Rights and Wrongs; Web Pros and Cons --
|t Power to the Net People --
|t Securing The Net --
|t Slipping Through the Net --
|t Learning CyberLessons --
|t Community Spirit --
|t Coda: quo vadis --
|t Growing Like Topsy --
|t Asking Better Questions --
|t Okay, Wotcha Got Now? --
|t Tomorrow.
|
| 650 |
|
0 |
|a Internet
|x Social aspects.
|
| 650 |
|
0 |
|a World Wide Web
|x Social aspects.
|
| 650 |
|
0 |
|a Information technology
|x Social aspects.
|
| 650 |
|
0 |
|a Communication and culture.
|
| 650 |
|
0 |
|a Communication and technology.
|
| 650 |
|
0 |
|a World Wide Web.
|
| 650 |
|
0 |
|a Electronic data processing.
|
| 650 |
|
0 |
|a Information technology.
|
| 650 |
|
2 |
|a Internet
|
| 650 |
|
6 |
|a Internet
|x Aspect social.
|
| 650 |
|
6 |
|a Web.
|
| 650 |
|
6 |
|a Technologie de l'information.
|
| 650 |
|
6 |
|a Communication et culture.
|
| 650 |
|
6 |
|a Communication et technologie.
|
| 650 |
|
6 |
|a Web
|x Aspect social.
|
| 650 |
|
6 |
|a Technologie de l'information
|x Aspect social.
|
| 650 |
|
7 |
|a World Wide Web.
|2 aat
|
| 650 |
|
7 |
|a information technology.
|2 aat
|
| 650 |
|
7 |
|a World Wide Web
|2 fast
|
| 650 |
|
7 |
|a Information technology
|2 fast
|
| 650 |
|
7 |
|a Electronic data processing
|2 fast
|
| 650 |
|
7 |
|a Communication and culture
|2 fast
|
| 650 |
|
7 |
|a Communication and technology
|2 fast
|
| 650 |
|
7 |
|a Information technology
|x Social aspects
|2 fast
|
| 650 |
|
7 |
|a Internet
|x Social aspects
|2 fast
|
| 650 |
|
7 |
|a World Wide Web
|x Social aspects
|2 fast
|
| 650 |
1 |
7 |
|a Internet.
|2 gtt
|
| 758 |
|
|
|i has work:
|a The Net effect (Text)
|1 https://id.oclc.org/worldcat/entity/E39PCFVP8vy4vJGFKgjKtcrQFX
|4 https://id.oclc.org/worldcat/ontology/hasWork
|
| 856 |
4 |
1 |
|3 Table of contents
|u http://catdir.loc.gov/catdir/toc/fy033/2002510593.html
|t 0
|
| 938 |
|
|
|a Baker & Taylor
|b BKTY
|c 34.95
|d 39.90
|i 1841500399
|n 0003678146
|s active
|
| 938 |
|
|
|a Brodart
|b BROD
|n 57352623
|c $34.95
|
| 938 |
|
|
|a Baker and Taylor
|b BTCP
|n 2002510593
|
| 938 |
|
|
|a YBP Library Services
|b YANK
|n 1920408
|
| 948 |
|
|
|h HELD BY TXA - 242 OTHER HOLDINGS
|
| 994 |
|
|
|a Z0
|b TXA
|
| 999 |
f |
f |
|s 0d96051e-7020-390d-a5dc-63fb8b66797e
|i 781c08fb-50d8-3a79-84cc-4a0bc4b6d075
|t 0
|
| 952 |
f |
f |
|p ric
|a Texas A&M University
|b Rellis Campus
|c Joint Library Facility
|d Remote Storage
|t 0
|e HM851 .P65 2001
|h Library of Congress classification
|i unmediated -- volume
|m A14828414995
|
| 998 |
f |
f |
|a HM851 .P65 2001
|t 0
|l Remote Storage
|